书目信息 |
| 题名: |
生物化学产品制备技术
|
|
| 作者: | 陈来同 , 唐运 编著 | |
| 分册: | 2 | |
| 出版信息: | 北京 科学技术文献出版社 2004.01 |
|
| 页数: | 451页 | |
| 开本: | 23cm | |
| 丛书名: | ||
| 单 册: | ||
| 中图分类: | TQ072 | |
| 科图分类: | ||
| 主题词: | 化工产品--生物化学--制备 | |
| 电子资源: | ||
| ISBN: | 7-5023-4470-5 | |
| 000 | 00928nam0 2200253 450 | |
| 001 | 0153772816 | |
| 005 | 20050912105549.60 | |
| 010 | @a7-5023-4470-5@dCNY45.00 | |
| 100 | @a20041119d2004 km y0chiy0120 ea | |
| 101 | 0 | @achi |
| 102 | @aCN@b110000 | |
| 105 | @aa a 000yy | |
| 200 | 1 | @a生物化学产品制备技术@Asheng wu hua xue chan pin zhi bei ji shu@h2@f陈来同, 唐运编著@Fchen lai tong,tang yun bian zhu |
| 210 | @a北京@c科学技术文献出版社@d2004.01 | |
| 215 | @a451页@c图@d23cm | |
| 320 | @a有书目。 | |
| 330 | @a本书以讲述如何从生物材料中提取制备生化产品为主线,介绍生化产品所涉及的理论和工艺,并介绍一些生化产品的化学结构与性质、采用的原料来源、技术等。 | |
| 333 | @a大专院校有关生命科学及生物技术专业的教科书等。 | |
| 606 | 0 | @a化工产品@x生物化学@x制备 |
| 690 | @aTQ072@v4 | |
| 701 | 0 | @a陈来同@Achen lai tong@4编著 |
| 701 | 0 | @a唐运@Atang yun@4编著 |
| 801 | 0 | @aCN@bQSSK@c20050912 |
| 905 | @a10447@dTQ072@eC496 | |
| 生物化学产品制备技术.2/陈来同, 唐运编著.-北京:科学技术文献出版社,2004.01 |
| 451页:图;23cm |
| 使用对象:大专院校有关生命科学及生物技术专业的教科书等。 |
| ISBN 7-5023-4470-5:CNY45.00 |
| 本书以讲述如何从生物材料中提取制备生化产品为主线,介绍生化产品所涉及的理论和工艺,并介绍一些生化产品的化学结构与性质、采用的原料来源、技术等。 |
| ● |
| 相关链接 |
|
|
|
正题名:生物化学产品制备技术
索取号:TQ072/C496
 
预约/预借
| 序号 | 登录号 | 条形码 | 馆藏地/架位号 | 状态 | 备注 |
| 1 | 569023 | 205690233 | 自科库501/501自科库 138排8列1层/ [索取号:TQ072/C496] | 在馆 | |
| 2 | 569024 | 205690242 | 自科库501/400A自科库 29排3列4层/ [索取号:TQ072/C496] | 在馆 | |
| 3 | 569025 | 205690251 | 自科库501/501自科库 138排8列1层/ [索取号:TQ072/C496] | 在馆 |